000 00781 a2200217 4500
020 _a8176353833
040 _aDLC
_bDLC
082 0 4 _a005.713769
100 1 _aSosinsky, Barrie A.
245 1 0 _aTeach yourself Microsoft Windows 2000 Server in 24 hours [electronic resource]
_cBarrie Sosinsky, Jeremy Moskowitz.
256 _aComputer document.
260 _aIndianapolis, Ind. :
_bSams,
_c2000
500 _aTitle from title screen.
538 _aMode of access: Internet via World Wide Web.
650 0 _aOperating systems (Computers)
655 7 _aElectronic books.
700 1 _aMoskowitz, Jeremy.
_4aut
710 2 _aBooks24x7, Inc.
856 4 0 _uhttp://www.indiana.edu/~sirsi/proxy.cgi?http://www.books24x7.com/marc.asp?bookid=1027
942 _cBK
_k005.713769 SOS
_2ddc
999 _c6347
_d6347